LEADER 01618nam2 22003011i 450 001 VAN0013736 005 20051109120000.0 100 $a20030409d1967 |0itac50 ba 101 $alat$aGRC 102 $aDE 105 $a|||| ||||| 200 1 $aTheophilus$eAntecessor. Pars prior: Libros 1. et 2. et prolegomena continens cum epistula C. E. Zachariae A Lingenthal$fTheophilus antecessor 210 $aAalen$cScientia$d1967 215 $aXXII, 254 p. (doppie)$d21 cm. 461 1$1001VAN0013734$12001 $aInstitutionum graeca paraphrasis Theophilo antecessori vulgo tributa$fad fidem librorum manu scriptorum recensuit, prolegomenis notis criticis instruxit E. C. Ferrini$gaccedit epistula C. E. Zachariae A Lingenthal$1205 $aAalen : Scientia$b1967$1210 $a2 v. (XXII$d511 p. compless. doppie) ; 21 cm$1215 $a Testo greco a fronte.$v1 620 $dAalen$3VANL000367 700 0$aTheophilus Antecessor$3VANV010034$0474484 712 $aScientia$3VANV109659$4650 790 0$aTeofilo$zTheophilus Antecessor$3VANV087992 790 0$aTheophilus : Byzantinus$zTheophilus Antecessor$3VANV087993 790 0$aTheóphilos : Antikénsor$zTheophilus Antecessor$3VANV087995 790 0$aTheophilus Paraphrastes : Antecessor$zTheophilus Antecessor$3VANV087994 801 $aIT$bSOL$c20230616$gRICA 899 $aBIBLIOTECA DEL DIPARTIMENTO DI GIURISPRUDENZA$1IT-CE0105$2VAN00 912 $aVAN0013736 950 $aBIBLIOTECA DEL DIPARTIMENTO DI GIURISPRUDENZA$d00CONS XVIII.Aa.48 (1) $e00 4766 20030409 996 $aTheophilus$91401353 997 $aUNICAMPANIA